000 00383nam a2200145Ia 4500
008 211109s9999||||xx |||||||||||||| ||und||
082 _a894.8121
_bKUM-K
100 _aKumaranasan N,
245 0 _aKaruna
260 _bNATIONAL BOOKSTALL
_aKottayam
_c1984
300 _a64p
630 _xGeneral Stack
650 _aMALAYALAM LITERATURE
_vMALAYALAM POETRY
_xGeneralia
942 _cBOOK
999 _c20980
_d20980